| 000 | 00522nam a2200181 a 4500 | ||
|---|---|---|---|
| 005 | 20140412111322.0 | ||
| 008 | 010402s19uu xx 00 eng d | ||
| 020 | _a0-307-23172-0 | ||
| 050 |
_aER _bBe35Ho 1992 |
||
| 100 | _aBerenstain, Stan | ||
| 245 |
_aBerenstain Bears' home sweet tree (The)/ _cStan & Jan Berenstain. |
||
| 260 |
_aNew York : _bA Golden Book, _c1992. |
||
| 300 | _a1 v. (unp.) ; ill. | ||
| 440 | _aThe Berenstain Bears | ||
| 650 | _aHome-Fiction | ||
| 650 | _aChildrens stories | ||
| 999 |
_c104419 _d104419 |
||